[Event "46th Rilton Cup 2016-17"]
[Site "Stockholm SWE"]
[Date "2016.12.30"]
[Round "4.30"]
[White "Henderson de La Fuente, Lance"]
[Black "Risting, Eivind Olav"]
[Result "1/2-1/2"]
[BlackTitle "FM"]
[WhiteElo "2378"]
[BlackElo "2222"]
[WhiteFideId "32096585"]
[BlackFideId "1517333"]
[EventDate "2016.12.27"]

1. e4 c6 2. Nf3 d5 3. Nc3 Nf6 4. e5 Ne4 5. d4 Nxc3 6. bxc3 e6 7. Be2 c5 8. h4
Be7 9. h5 h6 10. Rh3 Nc6 11. Rg3 Kf8 12. Qd2 Qa5 13. Kd1 b6 14. Qf4 Qxc3 15. Rb1
Nxd4 16. Bd3 Nf5 17. Qa4 Qa5 18. Qc6 Rb8 19. Qc7 Ra8 20. Qc6 Rb8 21. Qc7 Ra8 22.
Qc6 Rb8 1/2-1/2

[Event "46th Rilton Cup 2016-17"]
[Site "Stockholm SWE"]
[Date "2016.12.30"]
[Round "4.31"]
[White "Sankalp, Gupta"]
[Black "Gulamali, Kazim"]
[Result "1-0"]
[BlackTitle "FM"]
[WhiteElo "2093"]
[BlackElo "2341"]
[WhiteFideId "5097010"]
[BlackFideId "2024764"]
[EventDate "2016.12.27"]

1. e4 d6 2. d4 Nf6 3. Nc3 g6 4. Nf3 Bg7 5. Be2 O-O 6. O-O a6 7. a4 Nc6 8. h3 e5
9. Be3 exd4 10. Nxd4 Re8 11. Nxc6 bxc6 12. Bf3 Nd7 13. Qd2 Rb8 14. Rab1 a5 15.
Rfe1 Ne5 16. Be2 Rb4 17. b3 Nd7 18. f3 d5 19. Na2 Rb8 20. exd5 cxd5 21. Bb5 Bb7
22. Bg5 Rxe1+ 23. Rxe1 Bf6 24. Bxf6 Nxf6 25. Qxa5 Qd6 26. Qa7 c6 27. Bd3 d4 28.
Re7 Qxe7 29. Qxb8+ Kg7 30. Kh2 c5 31. Nc1 Bxf3 32. gxf3 Qe3 33. Ne2 Qf2+ 34. Kh1
Qxf3+ 35. Kg1 Qe3+ 36. Kg2 Nd5 37. Qg3 Qe6 38. Nf4 Ne3+ 39. Kh2 Qb6 40. Ng2 Nd1
41. Qe5+ Kh6 42. Nf4 Ne3 43. Ng2 Qa5 44. Nxe3 1-0

[Event "46th Rilton Cup 2016-17"]
[Site "Stockholm SWE"]
[Date "2016.12.30"]
[Round "4.32"]
[White "Nihal, Sarin"]
[Black "Petersson, Baldur Teodor"]
[Result "1-0"]
[WhiteTitle "FM"]
[WhiteElo "2340"]
[BlackElo "2074"]
[WhiteFideId "25092340"]
[BlackFideId "2309157"]
[EventDate "2016.12.27"]

1. d4 Nf6 2. c4 g6 3. Nc3 Bg7 4. e4 d6 5. Be2 O-O 6. Nf3 e5 7. O-O Nbd7 8. Be3
Re8 9. d5 Nh5 10. Re1 Bf8 11. Nd2 Nf4 12. Bf1 Be7 13. Rc1 Nc5 14. Qc2 a5 15. a3
a4 16. Bxc5 dxc5 17. Nxa4 Qd7 18. Nc3 Bg5 19. Nf3 Bh6 20. h3 g5 21. Nh2 Qe7 22.
Ng4 Bxg4 23. hxg4 Qd7 24. Be2 Bf8 25. g3 Ng6 26. Kg2 Bd6 27. Ra1 Ra5 28. Rh1
Rea8 29. Rh5 f6 30. Rah1 Nf8 31. Nd1 Qd8 32. Ne3 Qd7 33. Nf5 R5a6 34. Qc1 Qd8
35. R1h3 Qd7 36. Bd1 Rd8 37. Bc2 Qe8 38. Rh6 Kf7 39. Rxh7+ 1-0

[Event "46th Rilton Cup 2016-17"]
[Site "Stockholm SWE"]
[Date "2016.12.30"]
[Round "4.33"]
[White "Kucuksari, Kaan"]
[Black "Ornstein, Axel"]
[Result "0-1"]
[BlackTitle "IM"]
[WhiteElo "2243"]
[BlackElo "2338"]
[WhiteFideId "6380166"]
[BlackFideId "1700111"]
[EventDate "2016.12.27"]

1. d4 Nf6 2. Bg5 e6 3. e4 h6 4. Bxf6 Qxf6 5. c3 d6 6. Bd3 Nc6 7. Ne2 Bd7 8. O-O
e5 9. b4 g5 10. b5 Ne7 11. Nd2 Bg7 12. a4 Ng6 13. a5 O-O 14. Nc4 Nf4 15. Ne3
Nxe2+ 16. Qxe2 exd4 17. cxd4 Qxd4 18. Rac1 c5 19. Rfd1 Rad8 20. Qh5 Be6 21. Ng4
Bxg4 22. Qxg4 Rfe8 23. Qh5 Qf6 24. Re1 Qg6 25. Qd1 Bd4 26. Qc2 Re5 27. Bc4 d5
28. Bd3 Rde8 29. Re2 c4 30. Bxc4 dxc4 31. Qxc4 Rxe4 0-1

[Event "46th Rilton Cup 2016-17"]
[Site "Stockholm SWE"]
[Date "2016.12.30"]
[Round "4.34"]
[White "Larson, Matthew W"]
[Black "Sorensen, Hampus"]
[Result "1-0"]
[WhiteTitle "FM"]
[WhiteElo "2330"]
[BlackElo "2040"]
[WhiteFideId "2077990"]
[BlackFideId "8703884"]
[EventDate "2016.12.27"]

1. d4 d5 2. c4 c6 3. Nf3 Nf6 4. Qc2 dxc4 5. e4 b5 6. b3 cxb3 7. axb3 Bb7 8. Bd2
a5 9. Bd3 e6 10. O-O Be7 11. Nc3 Na6 12. e5 Nb4 13. exf6 Nxc2 14. fxe7 Qxe7 15.
Bxc2 O-O 16. Ne4 b4 17. Rfe1 Rfd8 18. Be3 Qc7 19. Nc5 Ba6 20. Bg5 Rdc8 21. Re4
h6 22. Bf4 Qd8 23. Be5 Qe7 24. Rae1 Re8 25. Rg4 g6 26. Ne4 f5 27. Rxg6+ Kh7 28.
Rg7+ Qxg7 29. Bxg7 Kxg7 30. Nd6 Reb8 31. Rxe6 Bb5 32. Nxf5+ Kf7 33. Rxh6 a4 34.
Ne5+ Kg8 35. Rg6+ Kf8 36. Rf6+ Kg8 37. Rg6+ Kf8 38. Rf6+ Kg8 39. Rf7 Kh8 40.
Ng6+ Kg8 41. Nh6# 1-0

[Event "46th Rilton Cup 2016-17"]
[Site "Stockholm SWE"]
[Date "2016.12.30"]
[Round "4.35"]
[White "Emmoth, Alfons"]
[Black "Balcerak, Philipp"]
[Result "0-1"]
[WhiteElo "2041"]
[BlackElo "2372"]
[WhiteFideId "1718266"]
[BlackFideId "4655036"]
[EventDate "2016.12.27"]

1. d4 Nf6 2. c4 c6 3. Nc3 d5 4. e3 a6 5. Nf3 b5 6. b3 Bg4 7. Be2 e6 8. h3 Bxf3
9. Bxf3 Nbd7 10. O-O Be7 11. e4 Bb4 12. Qc2 Bxc3 13. Qxc3 dxe4 14. Be2 O-O 15.
Rd1 Qe7 16. a4 b4 17. Qg3 Ne8 18. Bb2 f5 19. Bc1 c5 20. Bg5 Qf7 21. Bf4 cxd4 22.
Rxd4 Nc5 23. Rb1 Rc8 24. Qe3 h6 25. h4 Qf6 26. g3 e5 27. Bxe5 Qxe5 28. Rd5 Qc3
29. Qxc3 bxc3 30. b4 Nd3 31. Bxd3 exd3 32. Rc1 Rxc4 33. Rxd3 Rxb4 34. Rcxc3 Rxa4
35. Rc6 f4 36. Kg2 fxg3 37. fxg3 Ra2+ 38. Kh3 Nf6 39. Rdd6 a5 40. Ra6 Ne4 41.
Rd4 Nf2+ 0-1

[Event "46th Rilton Cup 2016-17"]
[Site "Stockholm SWE"]
[Date "2016.12.30"]
[Round "4.36"]
[White "Bellon Lopez, Juan Manuel"]
[Black "Narva, Mai"]
[Result "1-0"]
[WhiteTitle "GM"]
[BlackTitle "WIM"]
[WhiteElo "2336"]
[BlackElo "2218"]
[WhiteFideId "2200031"]
[BlackFideId "4500512"]
[EventDate "2016.12.27"]

1. d4 Nf6 2. Bg5 d5 3. Bxf6 exf6 4. e3 Bd6 5. g3 O-O 6. Bg2 f5 7. Ne2 c6 8. Nd2
Nd7 9. c4 dxc4 10. Nxc4 Bc7 11. O-O Nf6 12. Rc1 Qe7 13. b3 Rd8 14. Nd2 Be6 15.
Nc3 Rac8 16. Qe2 Ba5 17. Nf3 h6 18. Rfd1 Bb4 19. Ne1 Re8 20. Nd3 Bd6 21. Nc5
Rcd8 22. b4 Bc8 23. Qb2 a6 24. d5 b6 25. N5a4 Bxb4 26. Rb1 Bxc3 27. Nxc3 cxd5
28. Qxb6 Rd6 29. Qa5 Be6 30. Rb6 Rxb6 31. Qxb6 Rc8 32. Ne2 Qa3 33. Nf4 Qa4 34.
Rb1 Qc6 35. Bf1 Ne4 36. Bd3 Nc3 37. Qxc6 Rxc6 38. Rb8+ Kh7 39. g4 g6 40. Rb7 Kg8
41. gxf5 Bxf5 42. Bxf5 gxf5 43. Rd7 Rc5 44. a3 a5 45. Kg2 Kg7 46. Ne6+ 1-0

[Event "46th Rilton Cup 2016-17"]
[Site "Stockholm SWE"]
[Date "2016.12.30"]
[Round "4.37"]
[White "Matta, Vinay Kumar"]
[Black "Luukkonen, Tommi"]
[Result "0-1"]
[WhiteTitle "FM"]
[BlackTitle "FM"]
[WhiteElo "2227"]
[BlackElo "2333"]
[WhiteFideId "5016649"]
[BlackFideId "501808"]
[EventDate "2016.12.27"]

1. e4 c5 2. Ne2 Nf6 3. e5 Ng4 4. f4 d6 5. h3 Nh6 6. exd6 Nf5 7. g3 exd6 8. Bg2
Nc6 9. O-O d5 10. Nbc3 d4 11. Ne4 Be7 12. Qe1 Nb4 13. Qd1 O-O 14. Nf2 c4 15. Kh2
Be6 16. c3 d3 17. cxb4 dxe2 18. Qxe2 Nd4 19. Qd1 Bd5 20. Ne4 Bxb4 21. d3 Re8 22.
Be3 Nf5 23. Bf2 Bc6 24. a3 Bf8 25. Re1 cxd3 26. Rc1 Qd7 27. g4 Nh6 28. Rc3 Rad8
29. Bxa7 f5 30. gxf5 d2 31. Re2 Qxf5 32. Ng3 Rxe2 33. Nxe2 Bxg2 34. Kxg2 Qe4+
35. Kf2 Be7 36. Be3 Bh4+ 37. Kg1 Be1 38. Nd4 Rxd4 39. Bxd4 Qxd4+ 40. Kh1 Qd5+
41. Kg1 g6 42. Kh2 Nf5 43. h4 Nxh4 44. Qe2 Qg2+ 45. Qxg2 Nxg2 0-1

[Event "46th Rilton Cup 2016-17"]
[Site "Stockholm SWE"]
[Date "2016.12.30"]
[Round "4.38"]
[White "Ask, Josef"]
[Black "Louis, Thibault"]
[Result "1/2-1/2"]
[WhiteElo "2201"]
[BlackElo "2316"]
[WhiteFideId "1704583"]
[BlackFideId "681369"]
[EventDate "2016.12.27"]

1. e4 c5 2. d4 cxd4 3. c3 d3 4. Bxd3 Nc6 5. c4 g6 6. Nf3 Bg7 7. O-O d6 8. h3 Nf6
9. Nc3 O-O 10. Qe2 Nd7 11. Nd5 Nc5 12. Bc2 Ne6 13. Ba4 Ned4 14. Nxd4 Nxd4 15.
Qd3 Ne6 16. Qe2 Nc5 17. Bc2 Be6 18. Rb1 a5 19. Bg5 Bxd5 20. exd5 Re8 21. f4 Qb6
22. Kh1 f5 23. Qf2 Qb4 24. b3 Qc3 25. Rfc1 h6 26. Bxf5 Qd4 27. Qxd4 Bxd4 28.
Bxg6 hxg5 29. Bxe8 Rxe8 30. fxg5 Nd3 31. Rc2 Nf2+ 32. Kh2 Ne4 33. h4 Rf8 34. Re1
Be5+ 35. Kg1 Rf4 36. g3 Nxg3 37. c5 Rf8 38. c6 bxc6 39. dxc6 Rc8 40. Kg2 Nf5 41.
Rc4 Bd4 42. Kh3 e5 43. c7 Kf7 1/2-1/2

[Event "46th Rilton Cup 2016-17"]
[Site "Stockholm SWE"]
[Date "2016.12.30"]
[Round "4.39"]
[White "Johansson, Gunnar"]
[Black "Santarius, Erik F"]
[Result "1-0"]
[WhiteElo "2210"]
[BlackElo "2312"]
[WhiteFideId "1703501"]
[BlackFideId "2025817"]
[EventDate "2016.12.27"]

1. d4 d5 2. c4 c6 3. Nc3 Nf6 4. e3 e6 5. Nf3 Nbd7 6. Bd3 dxc4 7. Bxc4 b5 8. Bd3
Bb7 9. e4 b4 10. Na4 c5 11. e5 Nd5 12. O-O Rc8 13. dxc5 Nxc5 14. Nxc5 Bxc5 15.
Ng5 g6 16. Qf3 Qd7 17. Ne4 Be7 18. Bh6 Bf8 19. Bg5 h6 20. Bf6 Rg8 21. Rac1 a6
22. g3 g5 23. Qe2 Rc6 24. Bc4 Qc7 25. Rfd1 Rg6 26. Rxd5 exd5 27. Nd6+ Qxd6 28.
exd6+ Kd7 29. Re1 Rc8 30. Bxa6 Bxa6 31. Qxa6 Rxf6 32. Qb7+ Kd8 33. d7 Rc2 34.
Re8# 1-0

[Event "46th Rilton Cup 2016-17"]
[Site "Stockholm SWE"]
[Date "2016.12.30"]
[Round "4.40"]
[White "Kolbus, Dietmar"]
[Black "Dahl, Trygve"]
[Result "0-1"]
[WhiteTitle "IM"]
[WhiteElo "2299"]
[BlackElo "2140"]
[WhiteFideId "4610628"]
[BlackFideId "1513427"]
[EventDate "2016.12.27"]

1. c4 Nc6 2. Nc3 e5 3. g3 f5 4. Bg2 Nf6 5. d3 Be7 6. a3 O-O 7. b4 d6 8. Bb2 Qe8
9. Nd5 Bd8 10. e3 Nxd5 11. cxd5 Ne7 12. Ne2 Qf7 13. Nc3 f4 14. gxf4 exf4 15. e4
f3 16. Bf1 Ng6 17. Qd2 h6 18. Rg1 Bg5 19. Rxg5 hxg5 20. Qxg5 c6 21. Qg3 Nf4 22.
O-O-O Bd7 23. dxc6 bxc6 24. Qxf3 a5 25. bxa5 Qb3 26. Qg3 Rxa5 27. Rd2 Qe6 28. d4
d5 29. f3 Qh6 30. Kc2 Rc8 31. Qf2 c5 32. Kd1 dxe4 33. Nxe4 Ba4+ 34. Ke1 c4 35.
Qg1 Nd5 36. Bc1 c3 37. Rc2 Qh4+ 38. Rf2 Rb8 39. Bc4 Rb1 40. Ke2 Bb5 41. Bxb5
Raxb5 42. Rf1 Nf4+ 43. Bxf4 Rxf1 44. Qxf1 Qxf4 45. Kd3 Rb2 46. Kxc3 Rxh2 47. a4
Qe3+ 48. Qd3 Qc1+ 49. Kb4 Rb2+ 50. Qb3+ Rxb3+ 51. Kxb3 Qe3+ 52. Kc4 Qxf3 53. Nc5
g5 54. d5 g4 55. d6 Kf7 56. Kd4 g3 57. Ne4 Ke8 0-1

[Event "46th Rilton Cup 2016-17"]
[Site "Stockholm SWE"]
[Date "2016.12.30"]
[Round "4.41"]
[White "Lahlum, Hans Olav"]
[Black "Bergstrom, Rolf"]
[Result "0-1"]
[BlackTitle "FM"]
[WhiteElo "2145"]
[BlackElo "2290"]
[WhiteFideId "1501348"]
[BlackFideId "1702386"]
[EventDate "2016.12.27"]

1. d4 b6 2. c4 Bb7 3. Nc3 e6 4. e4 Bb4 5. Qc2 Qh4 6. Bd3 f5 7. g3 Qh5 8. Be2 Qf7
9. Bf3 Nc6 10. Ne2 fxe4 11. Bxe4 Nf6 12. Bf3 O-O 13. O-O Be7 14. Bg2 Nb4 15. Qd1
Bxg2 16. Kxg2 Ne4 17. Bf4 Nxc3 18. bxc3 Nc6 19. Qd3 Na5 20. c5 Rac8 21. cxb6
cxb6 22. f3 Nc4 23. a4 Qf5 24. Qxf5 Rxf5 25. Rfb1 g5 26. Bc1 Rcf8 27. f4 h5 28.
Kf3 g4+ 29. Ke4 Rc8 30. Kd3 Kf7 31. Rb5 d5 32. Bd2 h4 33. gxh4 Bxh4 34. Rg1 Rg8
35. Rbb1 Rh5 36. Rg2 Bf6 37. Be1 Rh3+ 38. Bg3 Rh5 39. Nc1 Kg6 40. Nb3 Kf5 41.
Re1 Re8 42. Rge2 Rh3 43. Nd2 Nxd2 44. Kxd2 Rh7 45. Ra1 Rc7 46. a5 b5 47. a6 Rc6
48. Kd3 Rec8 49. Be1 Rb6 50. Bd2 Rh8 51. Rg1 Rxa6 52. Reg2 Rh3+ 53. Kc2 Rc6 54.
Rxg4 Rxh2 55. Kd3 Rh3+ 56. Be3 Rc8 57. R4g3 Rxg3 58. Rxg3 a5 59. Rg1 Rc4 60. Rb1
b4 61. cxb4 axb4 62. Rb3 Be7 63. Bd2 Bd6 64. Rb2 Bf8 65. Rb3 Be7 66. Rb2 Rxd4+
67. Kxd4 Bf6+ 68. Kc5 Bxb2 69. Kxb4 Bd4 70. Kb3 Ke4 71. Kc2 Be3 72. Be1 Bxf4 73.
Ba5 d4 74. Kd1 Kd3 75. Bb6 Bd6 76. Ba5 e5 77. Bb6 e4 78. Ba5 e3 79. Be1 e2+ 80.
Kc1 Bf4+ 81. Kb2 Bd2 82. Bf2 e1=Q 83. Bxe1 Bxe1 0-1

[Event "46th Rilton Cup 2016-17"]
[Site "Stockholm SWE"]
[Date "2016.12.30"]
[Round "4.42"]
[White "Storme, Isak"]
[Black "Morrison, Graham SCO"]
[Result "0-1"]
[BlackTitle "FM"]
[WhiteElo "2152"]
[BlackElo "2283"]
[WhiteFideId "1728113"]
[BlackFideId "2400090"]
[EventDate "2016.12.27"]

1. e4 c5 2. c3 d5 3. exd5 Qxd5 4. d4 e6 5. Nf3 Nf6 6. Na3 Qd8 7. Nc4 Nc6 8. Nce5
cxd4 9. Bb5 Qd5 10. c4 Qe4+ 11. Kf1 h6 12. Nxd4 Bd7 13. Nxd7 Nxd7 14. Nxc6 bxc6
15. f3 Qh4 16. Ba4 Qxc4+ 17. Kf2 Bc5+ 18. Be3 Bxe3+ 19. Kxe3 Nb6 20. Bb3 Nd5+
21. Qxd5 Qxd5 22. Bxd5 cxd5 23. Rac1 Kd7 24. Rc3 Rhc8 25. Kd3 Rxc3+ 26. Kxc3
Rc8+ 27. Kd3 a5 28. Rb1 Rb8 29. b3 Rb7 30. Rb2 e5 31. g3 Kd6 32. Rb1 f5 33. Rc1
Rc7 34. Rf1 d4 35. Kd2 Rc3 36. g4 g6 37. gxf5 gxf5 38. f4 e4 39. Rg1 Rh3 40.
Rg6+ Kd5 41. Rf6 Rxh2+ 42. Kd1 e3 0-1

[Event "46th Rilton Cup 2016-17"]
[Site "Stockholm SWE"]
[Date "2016.12.30"]
[Round "4.43"]
[White "Chan, Kim Yew"]
[Black "Thompson, Ian D"]
[Result "0-1"]
[BlackTitle "FM"]
[WhiteElo "2231"]
[BlackElo "2153"]
[WhiteFideId "5717981"]
[BlackFideId "405205"]
[EventDate "2016.12.27"]

1. d4 d5 2. Nf3 Nf6 3. c4 e6 4. g3 Bb4+ 5. Bd2 Be7 6. Bg2 O-O 7. O-O Nbd7 8. Qc2
c6 9. Rd1 Ne4 10. Bf4 g5 11. Bc1 f5 12. Nfd2 Nd6 13. Nc3 Bf6 14. c5 Nf7 15. Nf3
Qe7 16. b4 g4 17. Ne1 e5 18. dxe5 Ndxe5 19. Bf4 a5 20. b5 Be6 21. Rab1 Nc4 22.
Qb3 d4 23. Na4 Ne3 24. Qa3 Nxd1 25. Rxd1 cxb5 26. Nb6 Ra6 27. Nd5 Bxd5 28. Bxd5
Kg7 29. Qd3 Qd7 30. e4 dxe3 31. Qxe3 Re8 32. Qb3 a4 33. Qb1 Rxe1+ 34. Rxe1 Qxd5
35. Qxb5 Qc6 36. Qc4 Qd7 37. Re3 Qd4 38. Qc2 Qd5 39. Re8 Re6 40. Rxe6 Qxe6 41.
Qxa4 Qe1+ 42. Kg2 Qe4+ 43. Qxe4 fxe4 44. Kf1 Bd4 0-1

[Event "46th Rilton Cup 2016-17"]
[Site "Stockholm SWE"]
[Date "2016.12.30"]
[Round "4.44"]
[White "Gajic, Mladen"]
[Black "Ryzhkov, Vjacheslav"]
[Result "1-0"]
[WhiteTitle "FM"]
[WhiteElo "2349"]
[BlackElo "2148"]
[WhiteFideId "1709178"]
[BlackFideId "4198484"]
[EventDate "2016.12.27"]

1. e4 e6 2. d4 d5 3. Nc3 Bb4 4. Ne2 dxe4 5. a3 Be7 6. g4 c5 7. Nxe4 Nf6 8. Nxf6+
Bxf6 9. dxc5 Qe7 10. Qd6 Nc6 11. Qxe7+ Bxe7 12. b4 Ne5 13. h3 Bf6 14. Rb1 h5 15.
f4 Bh4+ 16. Kd1 Ke7 17. Ng1 Rd8+ 18. Bd2 Ng6 19. Bd3 Bd7 20. gxh5 Bc6 21. Rh2
Bg3 22. b5 Bxh2 23. bxc6 bxc6 24. Nf3 Nxf4 25. Nxh2 Nxd3 26. cxd3 Rxd3 27. Ke2
Rxh3 28. Rb7+ Kf8 29. Nf3 Rxh5 30. Rc7 e5 31. Rxc6 e4 32. Nd4 Rd8 33. Be3 Rh2+
34. Kd1 f5 35. Kc1 Rd5 36. Rc7 Rh1+ 37. Kc2 Rh2+ 38. Kc3 Rh3 39. Kc4 Re5 40. Bf4
Re8 41. Nxf5 Rf3 42. Bd6+ Kg8 43. Rxg7+ Kh8 44. Rg5 e3 45. Nd4 Rf1 46. Re5 Rxe5
47. Bxe5+ Kg8 48. c6 Kf7 49. Bd6 Ke8 50. Kd3 Rf6 51. Bb4 Kd8 52. Kxe3 Kc8 53.
Be7 Rh6 54. Ke4 Rh3 55. Bd6 Rh6 56. Kd5 Rh5+ 57. Be5 Rh3 58. Nb5 Rh7 59. a4 a6
60. Nd6+ Kb8 61. Kc5 Ka7 62. Nc8+ Ka8 63. Nb6+ Ka7 64. c7 1-0

[Event "46th Rilton Cup 2016-17"]
[Site "Stockholm SWE"]
[Date "2016.12.30"]
[Round "4.45"]
[White "Haug, Johannes"]
[Black "Svorono, Gabriel"]
[Result "1/2-1/2"]
[WhiteTitle "FM"]
[WhiteElo "2287"]
[BlackElo "2094"]
[WhiteFideId "1509268"]
[BlackFideId "1715623"]
[EventDate "2016.12.27"]

1. e4 c5 2. Nf3 e6 3. d4 cxd4 4. Nxd4 Nc6 5. Nb5 d6 6. c4 a6 7. N5c3 Nf6 8. Be2
Be7 9. O-O O-O 10. Be3 Qc7 11. Nd2 Rd8 12. Qb3 Nd7 13. Rac1 Qb8 14. Rfd1 Bf6 15.
Ndb1 Nc5 16. Qc2 Nb4 17. Qd2 b6 18. Bg5 Bxg5 19. Qxg5 Bb7 20. a3 Nc6 21. Qe3 Nb3
22. Rc2 Nc5 23. Rcc1 Nb3 24. Rc2 Nc5 25. Rcc1 Nb3 1/2-1/2

[Event "46th Rilton Cup 2016-17"]
[Site "Stockholm SWE"]
[Date "2016.12.30"]
[Round "4.46"]
[White "Carlsson, Ludvig"]
[Black "Betaneli, Alexander"]
[Result "1/2-1/2"]
[BlackTitle "FM"]
[WhiteElo "2073"]
[BlackElo "2252"]
[WhiteFideId "1727010"]
[BlackFideId "2012359"]
[EventDate "2016.12.27"]

1. g3 d5 2. Bg2 Nf6 3. d3 c6 4. Nf3 Bg4 5. Nbd2 Nbd7 6. O-O e6 7. b3 Be7 8. Bb2
O-O 9. h3 Bh5 10. e4 a5 11. a4 Nc5 12. g4 Bg6 13. Ne5 dxe4 14. Nxg6 hxg6 15.
Nxe4 Nd5 16. Nxc5 Bxc5 17. Qe2 Bd6 18. Be5 Nf4 19. Bxf4 Bxf4 20. Qe4 g5 21. Rfe1
Bc7 22. d4 Qd6 23. Qe5 Qe7 24. Qe4 Qd6 25. Qe5 Qxe5 26. dxe5 Rfd8 27. Re2 Rd4
28. Rae1 Rad8 29. Be4 Kf8 30. Kg2 Ke7 31. Bd3 Bb8 32. Re3 Rf4 33. f3 Rfd4 34.
R3e2 Kd7 35. Re3 Kc7 36. Kg3 Kb6 37. h4 gxh4+ 38. Kxh4 Rh8+ 39. Kg3 g5 40. Kg2
Rh4 41. Rh1 Rxh1 42. Kxh1 Rd5 43. Re2 Bxe5 44. Kg2 Bf4 45. Re4 Rd8 46. Rc4 Kc7
47. Kf2 Rh8 48. Be4 Rh2+ 49. Ke1 Bd2+ 50. Kd1 Bb4 51. Rd4 Rf2 52. Rc4 f5 53.
gxf5 exf5 54. Bxf5 Rxf3 55. Bd3 Rf2 56. Rg4 Bd2 57. Re4 Bc3 58. Rg4 Rd2+ 59. Kc1
Rh2 60. Kd1 Rd2+ 61. Kc1 Rh2 62. Kd1 Bd2 63. Re4 Bf4 64. Re2 Rh1+ 65. Re1 Rh2
66. Re2 Rh1+ 67. Re1 Rh6 68. Ke2 Kb6 69. Kf3 Rf6 70. Kg4 Rf7 71. Re4 Rd7 72. Rc4
Rd8 73. Re4 Rh8 74. Rc4 Rh1 75. Re4 Rg1+ 76. Kf5 Bd2 77. Rc4 Rg3 78. Re4 Rf3+
79. Kg4 Rf8 80. Rc4 Rf7 81. Re4 Rf8 82. Rc4 Rf6 83. Re4 Kc5 84. Kg3 Bf4+ 85. Kg4
b5 86. Kh5 Rd6 87. Kg4 bxa4 88. Rxa4 Bd2 89. Re4 Rh6 90. Rc4+ Kb6 91. Re4 Rh8
92. Rc4 Rh4+ 93. Kf5 Rxc4 94. Bxc4 Kc5 95. Bd3 Kb4 96. Kg4 c5 97. Bg6 Kc3 98.
Bf5 Bf4 99. Bg6 Bc1 100. Bf5 Kb4 101. Bg6 Kc3 102. Bf5 Kd4 103. Bg6 c4 104. Bf7
Kc5 105. Be6 Kb4 106. Bf7 a4 107. bxa4 c3 108. Bg6 1/2-1/2

[Event "46th Rilton Cup 2016-17"]
[Site "Stockholm SWE"]
[Date "2016.12.30"]
[Round "4.47"]
[White "Sadhwani, Raunak"]
[Black "Henderson de La Fuente, Andrea"]
[Result "1-0"]
[WhiteTitle "CM"]
[WhiteElo "2246"]
[BlackElo "2019"]
[WhiteFideId "35093487"]
[BlackFideId "32096577"]
[EventDate "2016.12.27"]

1. e4 d6 2. d4 Nf6 3. Nc3 e5 4. Nf3 Nbd7 5. Bc4 Be7 6. O-O O-O 7. a4 c6 8. Ba2
b6 9. Qe2 Bb7 10. Rd1 Qc7 11. Nh4 exd4 12. Rxd4 d5 13. exd5 Bc5 14. Bf4 Qd8 15.
dxc6 Bxc6 16. Rd2 Nd5 17. Bxd5 Bxd5 18. Nxd5 Qxh4 19. b4 Nf6 20. g3 Qh3 21.
Nxf6+ gxf6 22. bxc5 Rfe8 23. Qf1 Qg4 24. c6 Kg7 25. c7 Rac8 26. Rad1 1-0

[Event "46th Rilton Cup 2016-17"]
[Site "Stockholm SWE"]
[Date "2016.12.30"]
[Round "4.48"]
[White "Glimbrant, Torbjorn"]
[Black "Berglind, Axel"]
[Result "1/2-1/2"]
[WhiteElo "2228"]
[BlackElo "2043"]
[WhiteFideId "1700995"]
[BlackFideId "1720228"]
[EventDate "2016.12.27"]

1. d4 d5 2. c4 c6 3. Nf3 Nf6 4. e3 e6 5. Bd3 Nbd7 6. Nc3 dxc4 7. Bxc4 b5 8. Bd3
Bb7 9. e4 b4 10. Na4 c5 11. e5 Nd5 12. O-O cxd4 13. Re1 Be7 14. Nxd4 a6 15. Qg4
Kf8 16. Bd2 N7b6 17. Nxb6 Qxb6 18. Nf3 h5 19. Qd4 Rd8 20. Qxb6 Nxb6 21. Be4 Bd5
22. Bxd5 Nxd5 23. Rac1 Ke8 24. Rc6 Ra8 25. Rec1 Kd7 26. Kf1 Rhb8 27. R6c4 a5 28.
Nd4 Rc8 29. h3 Rxc4 30. Rxc4 Ra6 31. Ke2 Bd8 32. g4 hxg4 33. hxg4 Bb6 34. Nb3
Ra8 35. a3 Rb8 36. axb4 axb4 37. Nc1 Rc8 38. Rxc8 Kxc8 39. Nd3 Bd4 40. f4 Kc7
41. Kf3 Kb6 42. Ke4 Bc5 43. f5 Kb5 44. b3 Be7 45. Ne1 Nb6 46. Nf3 Nd7 47. Nd4+
Kb6 48. fxe6 Nc5+ 49. Kd5 fxe6+ 50. Nxe6 Nxb3 51. Be3+ Kb5 52. Nxg7 Na5 53. Nf5
b3 54. Nd4+ Ka4 55. Nxb3 Kxb3 56. Bc5 Bh4 57. e6 Nc4 58. Ke4 Nd2+ 59. Kf4 Kc4
60. e7 Bxe7 61. Bxe7 Kd5 62. Bb4 Ne4 63. Be1 Nd6 64. Kg5 Ke6 65. Kh6 Kf7 66. Bc3
Kg8 67. Kg6 Ne4 68. Bd4 Nd6 69. Be5 Ne4 70. Bd4 Nd6 71. Kf6 Nf7 72. Be3 Kf8 73.
Bf4 Kg8 74. Bc7 Nh6 75. g5 Nf7 76. g6 Nh8 77. g7 Kh7 78. gxh8=N Kxh8 1/2-1/2

[Event "46th Rilton Cup 2016-17"]
[Site "Stockholm SWE"]
[Date "2016.12.30"]
[Round "4.49"]
[White "Prithu, Gupta"]
[Black "Vrtiakova, Anna"]
[Result "1-0"]
[BlackTitle "WFM"]
[WhiteElo "2219"]
[BlackElo "2010"]
[WhiteFideId "46618546"]
[BlackFideId "14927870"]
[EventDate "2016.12.27"]

1. e4 c5 2. Nf3 d6 3. Bb5+ Nd7 4. c3 Nf6 5. Qe2 e6 6. O-O Be7 7. d4 O-O 8. Re1
a6 9. Bd3 Re8 10. e5 Nd5 11. exd6 Bxd6 12. Bxh7+ Kxh7 13. Ng5+ Kg8 14. Qh5 Qf6
15. Qh7+ Kf8 16. Ne4 Qg6 17. Qxg6 Bxh2+ 18. Kxh2 fxg6 19. dxc5 N7f6 20. Nd6 Re7
21. b4 e5 22. Ba3 Kg8 23. c4 Nf4 24. Nc3 Be6 25. f3 Bf7 26. g3 N4h5 27. Re2 Nd7
28. Rae1 Nhf6 29. Nce4 Nxe4 30. Rxe4 a5 31. b5 Rb8 32. c6 bxc6 33. bxc6 Nf6 34.
Rxe5 Rc7 35. Re7 Ne8 36. Rxf7 Rxf7 37. Rxe8+ Rxe8 38. Nxe8 1-0

[Event "46th Rilton Cup 2016-17"]
[Site "Stockholm SWE"]
[Date "2016.12.30"]
[Round "4.50"]
[White "Grueso Cordoba, Santiago"]
[Black "Crevatin, Leo"]
[Result "1-0"]
[WhiteElo "2171"]
[BlackElo "1973"]
[WhiteFideId "1723529"]
[BlackFideId "1726307"]
[EventDate "2016.12.27"]

1. d4 d5 2. c4 c6 3. Nf3 e6 4. e3 Nf6 5. Nbd2 Nbd7 6. Bd3 dxc4 7. Nxc4 b5 8.
Nce5 Bb7 9. O-O h6 10. a4 a6 11. Qb3 Be7 12. Ng6 Rg8 13. Bd2 Bd6 14. Nge5 Qc7
15. axb5 axb5 16. Rxa8+ Bxa8 17. Nxd7 Nxd7 18. Bb4 Ke7 19. Bxd6+ Qxd6 20. Ra1
Bb7 21. Ra7 Rb8 22. e4 e5 23. Qc3 exd4 24. Nxd4 g6 25. b4 Qf6 26. Bf1 Kf8 27.
Qd2 Qg5 28. Ne6+ fxe6 29. Qxd7 Qe7 30. Qd2 Kg7 31. Qc3+ Kf7 32. e5 Ra8 33. Qf3+
Kg7 34. Qf6+ Qxf6 35. exf6+ Kxf6 36. Rxb7 Ra4 37. Rb6 Rxb4 38. Rxc6 Rb1 39. Rb6
b4 40. g3 b3 41. Kg2 b2 42. Bd3 Rd1 43. Bc2 Rd2 44. Rxb2 h5 45. Ra2 Rd6 46. h4
Rb6 47. Ra5 Rb2 48. Be4 Rb4 49. f3 Rb2+ 50. Kh3 Rb8 51. Rg5 Rg8 52. g4 hxg4+ 53.
Kxg4 Kf7 54. Kf4 Rg7 55. Rxg6 Rxg6 56. Bxg6+ Kxg6 57. Ke5 Kf7 58. f4 Ke7 59. h5
Kf7 60. h6 Kg6 61. Kxe6 Kxh6 62. f5 Kg7 63. f6+ Kf8 64. f7 1-0